000 00985nam2a2200289 4500
001 RU\NLR\bibl\1661890
005 20250616041424.0
010 _a978-5-295-04885-2
_bт. 2
_92000
021 _aRU
_b2010-48601
_93228
035 _a(NLR Aleph) 001653173
090 _a934708
_c934708
100 _a20100809d2010 |||y0rusy50 ca
101 0 _arus
_abak
102 _aRU
105 _ay |||||||||
200 1 _aРоман
210 _d2010
_aБ. м.
215 _a1060, [2] с.
_cил., портр.
300 _aТекст на башк. яз.
461 0 _1001RU\NLR\bibl\1497974
_12001#$aИзбранные произведения$vТ. 2
_91754304
_aПоварисов, С. Ш. (1924-)
_cУфа
_d2008
_fСуфиян Поварисов
_nКитап
_tИзбранные произведения
_vТ. 2
801 0 _aRU
_bNLR
_c20100809
_gRCR
801 1 _aRU
_bNLR
_c20100809
852 _aNLR
_bОНЛ
_jБашк./3-5209
942 _cBOOK
980 _aNB